000 00787nam a2200277Ia 4500
001 Para_629
003 CHAP
008 220125s1995 xx 000 0 und d
010 _a199389
040 _cCHAP
090 _aPA FOLLETO 3377
100 _aOrtiz Barrera, Ramón
_983936
245 _aAspectos relevantes en el manejo de enfermedades fungosas /
_c por Ramón Ortíz Barrera
260 _aMéxico, D.F. :
_b CIBA
300 _a42 p.
410 _aCiba Protección de Cultivos
650 _aFitopatología
_941161
650 _aPlantas
_x enfermedades por hongos
_988830
901 _aPA FOLLETO 3377
902 _aA
905 _a0000001995 a 0000000000 00
910 _a1995
942 _cPARA
942 _cPARA
_d1
999 _c199389
_d199389